[Event "SR 3. liga A2 2018/2019"]
[Site "?"]
[Date "2019.02.10"]
[Round "8.5"]
[White "Vach, Jozef"]
[Black "Pericka, Pavol"]
[Result "1/2-1/2"]
[WhiteElo "1688"]
[BlackElo "1788"]
[PlyCount "44"]
[EventDate "2018.??.??"]

1. e4 e5 2. Nf3 Nc6 3. Bb5 a6 4. Ba4 Be7 5. c3 Nf6 6. d3 d6 7. O-O O-O 8. h3
Be6 9. Re1 h6 10. Nbd2 Nh7 11. Nf1 f5 12. Bb3 Qc8 13. Bxe6+ Qxe6 14. Qb3 Qxb3
15. axb3 fxe4 16. dxe4 Nf6 17. Ng3 Kh7 18. Bd2 g6 19. b4 Nd7 20. Be3 Bf6 21.
Red1 Na7 22. c4 Nc6 1/2-1/2

[Event "SR 3. liga A2 2018/2019"]
[Site "?"]
[Date "2019.02.10"]
[Round "8.5"]
[White "Skapik, Branislav"]
[Black "Harasta, Marian"]
[Result "1/2-1/2"]
[WhiteElo "1770"]
[BlackElo "1644"]
[PlyCount "87"]
[EventDate "2018.??.??"]

1. Nf3 Nf6 2. g3 d5 3. Bg2 e6 4. d4 Bd6 5. O-O O-O 6. Bg5 c5 7. c3 c4 8. Re1 b5
9. e4 Be7 10. exd5 Nxd5 11. Bxe7 Qxe7 12. Nbd2 Nd7 13. Ne4 Bb7 14. Qc2 N5f6 15.
Nfd2 Rab8 16. Rad1 Bd5 17. Nxf6+ Nxf6 18. Ne4 Nxe4 19. Bxe4 Bxe4 20. Rxe4 Rfd8
21. Qe2 Rd5 22. Re5 Rbd8 23. f4 Qf6 24. a4 a6 25. axb5 axb5 26. Ra1 Rxe5 27.
fxe5 Qf5 28. Rf1 Qg5 29. Qf3 Qe7 30. Ra1 h6 31. Ra6 Rb8 32. Kf2 b4 33. Ra8 Qf8
34. Rxb8 Qxb8 35. cxb4 Qxb4 36. Qc3 Qb5 37. Qc2 Kf8 38. Ke3 g6 39. Qc3 Kg7 40.
Qc2 Qb4 41. Ke2 Qb5 42. Qc3 Kf8 43. Qa3+ Kg7 44. Qc3 1/2-1/2

[Event "SR 3. liga A2 2018/2019"]
[Site "?"]
[Date "2019.02.10"]
[Round "8.5"]
[White "Bartos, Bohumil"]
[Black "Sadlon, Matus"]
[Result "0-1"]
[WhiteElo "1559"]
[BlackElo "1708"]
[PlyCount "64"]
[EventDate "2018.??.??"]

1. d4 Nf6 2. Bf4 g6 3. Nc3 c6 4. e4 d5 5. e5 Nh5 6. Be3 f5 7. Be2 Ng7 8. Qd2
Nd7 9. O-O-O Nb6 10. h4 Ne6 11. h5 Bg7 12. hxg6 hxg6 13. Rxh8+ Bxh8 14. Nf3 Bd7
15. Rh1 Bg7 16. Nh4 Nc4 17. Bxc4 dxc4 18. Nxg6 Qa5 19. Bg5 b5 20. a3 b4 21. Nb1
c3 22. Qe3 cxb2+ 23. Kxb2 bxa3+ 24. Ka2 Qd5+ 25. Ka1 Nxd4 26. Qc1 Be6 27. Nc3
Qc4 28. Bd2 Rb8 29. Qd1 Rb2 30. Nf4 Ra2+ 31. Kb1 Qb4+ 32. Kc1 Qb2# 0-1

[Event "SR 3. liga A2 2018/2019"]
[Site "?"]
[Date "2019.02.10"]
[Round "8.5"]
[White "Celustkova, Lubica"]
[Black "Danihel, Jozef"]
[Result "1/2-1/2"]
[WhiteElo "1694"]
[BlackElo "1531"]
[PlyCount "71"]
[EventDate "2018.??.??"]

1. e4 d5 2. exd5 Nf6 3. Nf3 Nxd5 4. d4 e6 5. g3 Be7 6. Bg2 O-O 7. O-O Nd7 8. c4
N5b6 9. b3 Bf6 10. Bb2 c5 11. Nc3 cxd4 12. Nxd4 Nc5 13. Ndb5 Nd3 14. Qc2 Nxb2
15. Qxb2 a6 16. Rad1 Qe7 17. Nd6 Rd8 18. Nde4 Bd4 19. Qc2 e5 20. c5 Nd5 21.
Nxd5 Rxd5 22. Nf6+ Qxf6 23. Bxd5 Bh3 24. Bg2 Bxg2 25. Kxg2 Qc6+ 26. Kg1 Rd8 27.
b4 b6 28. Qe2 h6 29. Qxa6 Qf3 30. Rc1 h5 31. Qc4 h4 32. Qb3 Qg4 33. Qc2 hxg3
34. hxg3 Qxg3+ 35. Kh1 Qh3+ 36. Kg1 1/2-1/2

[Event "SR 3. liga A2 2018/2019"]
[Site "?"]
[Date "2019.02.10"]
[Round "8.5"]
[White "Romanova, Ela"]
[Black "Hrdlicka, Martin"]
[Result "1/2-1/2"]
[WhiteElo "1359"]
[BlackElo "1461"]
[PlyCount "48"]
[EventDate "2018.??.??"]

1. e4 e5 2. Nf3 Nf6 3. Nxe5 d6 4. Nf3 Nxe4 5. d3 Nf6 6. Nc3 Be7 7. Be2 O-O 8.
O-O b6 9. Nd4 c5 10. Nf3 Bb7 11. Bf4 Nd5 12. Nxd5 Bxd5 13. d4 Bb7 14. c3 d5 15.
Ne5 Bd6 16. Qd2 Qc7 17. Bg3 Nd7 18. Nxd7 Qxd7 19. Bxd6 Qxd6 20. Bf3 Rad8 21.
Rad1 Rfe8 22. Qc2 Qc7 23. Qb3 Re6 24. Rfe1 Rxe1+ 1/2-1/2

[Event "SR 3. liga A2 2018/2019"]
[Site "?"]
[Date "2019.02.10"]
[Round "8.6"]
[White "Szitkey, Milan"]
[Black "Gasa, Andrej"]
[Result "1/2-1/2"]
[WhiteElo "2046"]
[BlackElo "2240"]
[PlyCount "87"]
[EventDate "2018.??.??"]

1. e4 c5 2. Nf3 d6 3. c3 Nf6 4. h3 Nbd7 5. Bd3 b6 6. O-O Bb7 7. Re1 Qc7 8. Bc2
Rc8 9. d3 g6 10. Na3 Bg7 11. Bf4 e5 12. Bh2 O-O 13. d4 a6 14. dxe5 Nxe5 15.
Nxe5 dxe5 16. Nc4 Rfd8 17. Qf3 Ne8 18. Bb3 Rd7 19. a4 b5 20. axb5 axb5 21. Na3
Nd6 22. Bd5 Bxd5 23. exd5 Re8 24. Rac1 Qb7 25. Rcd1 f5 26. Qe2 c4 27. Nc2 Ne4
28. Nb4 Bf8 29. f3 Bc5+ 30. Kf1 Nf6 31. Bxe5 Bxb4 32. cxb4 Rxd5 33. f4 Ne4 34.
Qe3 Red8 35. Ra1 R8d7 36. Qa3 Qb6 37. Qe3 Qxe3 38. Rxe3 Rd1+ 39. Re1 R7d3 40.
Ra8+ Kf7 41. Rxd1 Rxd1+ 42. Ke2 Rd2+ 43. Kf1 Rd1+ 44. Ke2 1/2-1/2

[Event "SR 3. liga A2 2018/2019"]
[Site "?"]
[Date "2019.02.10"]
[Round "8.6"]
[White "Sebesta, Radovan"]
[Black "Holicky, Miroslav"]
[Result "1-0"]
[WhiteElo "1992"]
[BlackElo "1766"]
[PlyCount "68"]
[EventDate "2018.??.??"]

1. d4 b6 2. c4 Bb7 3. Nc3 e6 4. Nf3 Bxf3 5. exf3 Bb4 6. Qc2 c5 7. dxc5 Bxc5 8.
Bd3 Nc6 9. a3 a5 10. O-O Nge7 11. Bg5 Qb8 12. Nb5 d5 13. Bxe7 Nxe7 14. b4 Bd6
15. g3 Be5 16. Rae1 axb4 17. axb4 g6 18. cxd5 Nxd5 19. Qc6+ Ke7 20. Qc4 Ra4 21.
Rb1 h5 22. Rfe1 Rd8 23. Bc2 Ra8 24. Rbd1 Kf8 25. Be4 Qb7 26. Bxg6 Ne3 27. Rxd8+
Rxd8 28. Rxe3 Qd5 29. Qxd5 Rxd5 30. Bd3 Bb2 31. Bf1 Ke7 32. Nc3 Rd4 33. b5 f5
34. Ne2 h4 1-0

[Event "SR 3. liga A2 2018/2019"]
[Site "?"]
[Date "2019.02.10"]
[Round "8.6"]
[White "Babirat, Michal"]
[Black "Palka, Miroslav"]
[Result "1/2-1/2"]
[WhiteElo "1882"]
[BlackElo "1874"]
[PlyCount "46"]
[EventDate "2018.??.??"]

1. c4 c5 2. Nc3 g6 3. g3 Bg7 4. Bg2 Nc6 5. e3 e6 6. Nge2 Nge7 7. O-O O-O 8. d4
cxd4 9. Nxd4 Nxd4 10. exd4 d5 11. cxd5 Nxd5 12. Nxd5 exd5 13. Qb3 Be6 14. Be3
Qd7 15. Rfc1 Rfc8 16. Bf3 h5 17. h4 b6 18. Rc3 Rxc3 19. bxc3 Rc8 20. a4 Qc6 21.
Bd2 Qc4 22. Qxc4 Rxc4 23. a5 b5 1/2-1/2

[Event "SR 3. liga A2 2018/2019"]
[Site "?"]
[Date "2019.02.10"]
[Round "8.6"]
[White "Skapikova, Lubica"]
[Black "Sottnik, Filip"]
[Result "1-0"]
[WhiteElo "1860"]
[BlackElo "1690"]
[PlyCount "62"]
[EventDate "2018.??.??"]

1. e4 e5 2. Nf3 Nc6 3. Bb5 a6 4. Ba4 Nf6 5. O-O b5 6. Bb3 Be7 7. Re1 d6 8. h3
Be6 9. c3 h6 10. d3 Qd7 11. Nbd2 g5 12. d4 Bxh3 13. gxh3 Qxh3 14. Nh2 g4 15.
Re3 Qh5 16. a4 Kd7 17. axb5 axb5 18. Rxa8 Rxa8 19. Bd5 b4 20. Bxc6+ Kxc6 21.
dxe5 dxe5 22. Ndf1 Rd8 23. Rd3 Rxd3 24. Qxd3 Bc5 25. c4 Bb6 26. Ng3 Qg6 27. Nf5
Kb7 28. b3 Kb8 29. Bb2 Qg8 30. Ne7 Qe8 31. Nd5 Qc6 1-0

[Event "SR 3. liga A2 2018/2019"]
[Site "?"]
[Date "2019.02.10"]
[Round "8.6"]
[White "Ganz, Marek"]
[Black "Lanik, Miroslav"]
[Result "0-1"]
[WhiteElo "1681"]
[BlackElo "1848"]
[PlyCount "108"]
[EventDate "2018.??.??"]

1. e4 c5 2. Nf3 d6 3. c3 Nf6 4. d3 Nc6 5. Be3 e6 6. Nbd2 Be7 7. d4 cxd4 8. cxd4
a6 9. Bd3 Ng4 10. Qe2 O-O 11. a3 Nxe3 12. Qxe3 Bd7 13. O-O b5 14. Rac1 Rc8 15.
Rfe1 Qb6 16. h3 Bf6 17. Nb3 e5 18. d5 Qxe3 19. Rxe3 Ne7 20. Ree1 Ng6 21. Rxc8
Rxc8 22. Rc1 Rxc1+ 23. Nxc1 Bd8 24. Nd2 Nf4 25. Bf1 Bb6 26. Ndb3 f5 27. g3 Nh5
28. exf5 Nxg3 29. Bg2 Nxf5 30. Nd3 Nd4 31. Nd2 Bf5 32. Nb4 Ba5 33. Ne4 Bxe4 34.
Bxe4 Bxb4 35. axb4 g6 36. Kf1 Kf7 37. h4 Kf6 38. Kg2 Ne2 39. Kf3 Nd4+ 40. Kg4
h5+ 41. Kg3 Ne2+ 42. Kf3 Nd4+ 43. Kg3 Nf5+ 44. Kh3 g5 45. hxg5+ Kxg5 46. Bf3 h4
47. Bg4 Ne7 48. Be6 Kf4 49. Kxh4 Ke4 50. Kg3 Nxd5 51. Bc8 Nxb4 52. Bb7+ Kd4 53.
f4 exf4+ 54. Kxf4 Nd3+ 0-1

[Event "SR 3. liga A2 2018/2019"]
[Site "?"]
[Date "2019.02.10"]
[Round "8.6"]
[White "Huska, Branislav"]
[Black "Benkovsky, Peter"]
[Result "1-0"]
[WhiteElo "1822"]
[BlackElo "1677"]
[PlyCount "81"]
[EventDate "2018.??.??"]

1. e4 e6 2. d4 d5 3. Nd2 c5 4. Ngf3 Nc6 5. Bb5 Bd7 6. exd5 Nxd4 7. Nxd4 cxd4 8.
dxe6 Bxb5 9. Qh5 Qd6 10. Qxb5+ Qc6 11. exf7+ Kxf7 12. Qb3+ Qe6+ 13. Qxe6+ Kxe6
14. O-O Rd8 15. Nf3 Bc5 16. Re1+ Kd5 17. Bg5 Nf6 18. Rad1 Rhe8 19. Rxe8 Rxe8
20. c3 Ne4 21. Be3 h6 22. Bxd4 Kc6 23. Bxc5 Nxc5 24. Nd4+ Kc7 25. Kf1 Re5 26.
Re1 Rxe1+ 27. Kxe1 g6 28. Kd2 a6 29. f3 Kd6 30. b3 Kd5 31. Ke3 Ke5 32. h4 Nd7
33. g4 Nf6 34. c4 Ne8 35. f4+ Kf6 36. c5 Nc7 37. Ke4 h5 38. g5+ Ke7 39. f5 Kf7
40. Ke5 gxf5 41. Nxf5 1-0

[Event "SR 3. liga A2 2018/2019"]
[Site "?"]
[Date "2019.02.10"]
[Round "8.6"]
[White "Nemcovic, Peter"]
[Black "Kir, Kvetoslav"]
[Result "0-1"]
[WhiteElo "1623"]
[BlackElo "1779"]
[PlyCount "58"]
[EventDate "2018.??.??"]

1. e4 e6 2. d4 d5 3. exd5 exd5 4. Bd3 Nf6 5. Nf3 Nc6 6. c3 Bg4 7. h3 Bh5 8. Be3
Bd6 9. Nbd2 Qd7 10. Qc2 Bg6 11. O-O-O a6 12. g4 O-O-O 13. Nh4 Bxd3 14. Qxd3 g6
15. f4 Rde8 16. Nhf3 Na5 17. Ne5 Qa4 18. Kb1 Rhf8 19. Ndf3 Ne4 20. Nd2 Nxd2+
21. Bxd2 f6 22. Nf3 Nc4 23. Bc1 Re4 24. Rhe1 Rfe8 25. Qf1 Qb5 26. Rxe4 Rxe4 27.
Re1 Na3+ 28. Ka1 Rxe1 29. c4 Rxf1 0-1

[Event "SR 3. liga A2 2018/2019"]
[Site "?"]
[Date "2019.02.10"]
[Round "8.6"]
[White "Lauko, Tomas"]
[Black "Slezak, Vladimir"]
[Result "1-0"]
[WhiteElo "1717"]
[BlackElo "1541"]
[PlyCount "67"]
[EventDate "2018.??.??"]

1. e4 e5 2. Nf3 Nc6 3. b3 Bc5 4. Bb2 d6 5. d4 exd4 6. Nxd4 Bxd4 7. Bxd4 Nxd4 8.
Qxd4 Qf6 9. c3 Qxd4 10. cxd4 b6 11. Bb5+ Bd7 12. Bxd7+ Kxd7 13. O-O Nf6 14. Nc3
Rhe8 15. f3 c6 16. a4 Nh5 17. g3 g6 18. Rfd1 Ng7 19. b4 f5 20. e5 d5 21. b5 Ne6
22. bxc6+ Kxc6 23. Rac1 Rac8 24. Ne4+ Kb7 25. Nd6+ Kb8 26. Rxc8+ Rxc8 27. Nxc8
Kxc8 28. f4 Kd7 29. Kf2 h6 30. Ke3 g5 31. Rf1 g4 32. Rh1 a6 33. h3 b5 34. hxg4
1-0

[Event "SR 3. liga A2 2018/2019"]
[Site "?"]
[Date "2019.02.24"]
[Round "9.1"]
[White "Sebesta, Radovan"]
[Black "Malar, Pavol"]
[Result "1/2-1/2"]
[WhiteElo "1992"]
[BlackElo "2068"]
[PlyCount "91"]
[EventDate "2018.??.??"]

1. d4 e6 2. c4 f5 3. Nf3 Nf6 4. g3 Be7 5. Bg2 O-O 6. O-O d6 7. Nc3 Nc6 8. Re1
Qe8 9. b3 Qh5 10. Bb2 Ne4 11. d5 Nxc3 12. Bxc3 Nd8 13. dxe6 Nxe6 14. e3 Nc5 15.
Nd4 Qh6 16. Qc2 a5 17. a3 Qg6 18. b4 axb4 19. axb4 Rxa1 20. Rxa1 Ne4 21. Bb2
Bf6 22. Ne2 Bxb2 23. Qxb2 Qf7 24. Qc2 Qf6 25. Rc1 c6 26. Nd4 Be6 27. Qa4 Bf7
28. Qc2 Bg6 29. Qa2 Bf7 30. Qa5 c5 31. bxc5 dxc5 32. Bxe4 b6 33. Qe1 fxe4 34.
Ne2 g5 35. Nc3 Qf5 36. Qe2 Be8 37. Nd5 Qe6 38. Qb2 Bh5 39. Qxb6 Qf7 40. Rc2 Bf3
41. h3 Ra8 42. Qb2 Qg7 43. Qxg7+ Kxg7 44. Rc1 Kf7 45. g4 Ra2 46. Nc3 1/2-1/2

[Event "SR 3. liga A2 2018/2019"]
[Site "?"]
[Date "2019.02.24"]
[Round "9.1"]
[White "Bisco, Igor"]
[Black "Palka, Miroslav"]
[Result "1-0"]
[WhiteElo "2027"]
[BlackElo "1874"]
[PlyCount "69"]
[EventDate "2018.??.??"]

1. e4 c5 2. Nf3 d6 3. d4 cxd4 4. Nxd4 Nf6 5. Nc3 g6 6. f3 Bg7 7. Be3 O-O 8. Qd2
Nc6 9. Bc4 Bd7 10. O-O-O Ne5 11. Bb3 Qa5 12. Bh6 Rfc8 13. Kb1 Nc4 14. Bxc4 Rxc4
15. Nd5 Qd8 16. Bxg7 Kxg7 17. Nxf6 exf6 18. g4 Rac8 19. h4 Qe7 20. h5 g5 21.
h6+ Kh8 22. Qd3 Qe5 23. Rd2 d5 24. Nf5 Bxf5 25. exf5 d4 26. Re2 Qd6 27. Rhe1
Qf8 28. Rh1 Qd8 29. Rhe1 R4c7 30. Re4 Rd7 31. Qe2 Qf8 32. Re8 Rxe8 33. Qxe8 Rd8
34. Qxf8+ Rxf8 35. Kc1 1-0

[Event "SR 3. liga A2 2018/2019"]
[Site "?"]
[Date "2019.02.24"]
[Round "9.1"]
[White "Skapikova, Lubica"]
[Black "Starzec, Juraj"]
[Result "1/2-1/2"]
[WhiteElo "1860"]
[BlackElo "1962"]
[PlyCount "83"]
[EventDate "2018.??.??"]

1. e4 e5 2. Nf3 Nf6 3. d3 Nc6 4. Be2 Be7 5. c3 O-O 6. O-O d5 7. exd5 Qxd5 8.
Nbd2 Bf5 9. Nb3 Rad8 10. d4 exd4 11. Nbxd4 Nxd4 12. Qxd4 Qe4 13. Qxe4 Bxe4 14.
Rd1 h6 15. h3 Rfe8 16. Nd4 c5 17. Nb3 Rxd1+ 18. Bxd1 Bd6 19. Be3 b6 20. Be2 Bc6
21. Nd2 Rd8 22. Nc4 Bc7 23. Rd1 Rxd1+ 24. Bxd1 Nd5 25. Bc1 Nf4 26. Bxf4 Bxf4
27. g3 Bc1 28. b3 b5 29. Nd6 Bb2 30. c4 a6 31. Be2 b4 32. Bd3 Be5 33. Nf5 Kf8
34. f4 Bc3 35. Kf2 h5 36. Nd6 Ke7 37. Ne4 Bd4+ 38. Ke2 Bd7 39. h4 a5 40. Nf2 a4
41. Ne4 a3 42. Nf2 1/2-1/2

[Event "SR 3. liga A2 2018/2019"]
[Site "?"]
[Date "2019.02.24"]
[Round "9.1"]
[White "Gajarsky, Roman"]
[Black "Lanik, Miroslav"]
[Result "1/2-1/2"]
[WhiteElo "1808"]
[BlackElo "1848"]
[PlyCount "85"]
[EventDate "2018.??.??"]

1. e4 c5 2. g3 d6 3. Bg2 Nf6 4. d3 e6 5. Nc3 Be7 6. f4 a6 7. Nf3 Qc7 8. O-O Nc6
9. Ne2 b5 10. b3 Bb7 11. Bb2 O-O 12. Qd2 Rad8 13. Rae1 Rfe8 14. h3 Nd7 15. g4
e5 16. f5 Nd4 17. Ng3 Nxf3+ 18. Rxf3 h6 19. Ref1 Nf6 20. Re1 Nh7 21. c4 b4 22.
Rff1 Bh4 23. Kh2 Qe7 24. Bc1 Bg5 25. Qf2 Bxc1 26. Rxc1 Qh4 27. Nh1 Qxf2 28.
Nxf2 f6 29. h4 Rf8 30. Nd1 Ra8 31. Ra1 Bc6 32. Rf2 a5 33. a4 bxa3 34. Rxa3 a4
35. bxa4 Rxa4 36. Rxa4 Bxa4 37. Nc3 Bc6 38. Rb2 Rc8 39. Rb6 Nf8 40. Bf3 Nd7 41.
Ra6 Nb8 42. Ra7 Be8 43. Bd1 1/2-1/2

[Event "SR 3. liga A2 2018/2019"]
[Site "?"]
[Date "2019.02.24"]
[Round "9.1"]
[White "Huska, Branislav"]
[Black "Barca, Michal"]
[Result "1-0"]
[WhiteElo "1822"]
[BlackElo "1749"]
[PlyCount "43"]
[EventDate "2018.??.??"]

1. e4 d5 2. exd5 Qxd5 3. Nc3 Qd6 4. d4 Nf6 5. Nf3 Bg4 6. Be2 g6 7. h3 Bxf3 8.
Bxf3 c6 9. Bg5 Bg7 10. Qd2 O-O 11. O-O-O Re8 12. Kb1 Na6 13. h4 Nc7 14. h5 Ncd5
15. Nxd5 cxd5 16. hxg6 hxg6 17. Bh6 Bh8 18. Qg5 Rad8 19. Qh4 Nd7 20. Bf4 Qf6
21. Qh7+ Kf8 22. Bh6+ 1-0

[Event "SR 3. liga A2 2018/2019"]
[Site "?"]
[Date "2019.02.24"]
[Round "9.1"]
[White "Janas, Peter"]
[Black "Kir, Kvetoslav"]
[Result "1/2-1/2"]
[WhiteElo "1710"]
[BlackElo "1779"]
[PlyCount "40"]
[EventDate "2018.??.??"]

1. d4 Nf6 2. Nf3 g6 3. g3 Bg7 4. Bg2 O-O 5. O-O d6 6. c4 a5 7. b3 c6 8. Bb2 Qc7
9. Nc3 Na6 10. h3 Re8 11. e4 e5 12. dxe5 dxe5 13. a3 Be6 14. Ng5 Bd7 15. Qc2
Rad8 16. Kh2 h6 17. Nf3 Be6 18. Na4 Nd7 19. Rad1 b5 20. cxb5 cxb5 1/2-1/2

[Event "SR 3. liga A2 2018/2019"]
[Site "?"]
[Date "2019.02.24"]
[Round "9.1"]
[White "Lauko, Tomas"]
[Black "Jancicka, Viliam"]
[Result "1-0"]
[WhiteElo "1717"]
[BlackElo "1607"]
[PlyCount "83"]
[EventDate "2018.??.??"]

1. e4 c5 2. c4 e5 3. Nf3 Nc6 4. Nc3 Nf6 5. g3 d6 6. d3 Bg4 7. h3 Bd7 8. Bd2 Be7
9. Nd5 Nxd5 10. exd5 Nd4 11. Nxd4 cxd4 12. Bg2 O-O 13. f4 exf4 14. Bxf4 Bg5 15.
O-O Bxf4 16. Rxf4 Qg5 17. Kh2 Rae8 18. h4 Qg6 19. Qf1 Re3 20. Qf2 Rfe8 21. Rf1
f6 22. Rxd4 f5 23. Rf4 Re2 24. Qd4 R8e3 25. R1f3 Re8 26. Rf2 R2e3 27. R4f3 Re1
28. Bh3 R8e5 29. g4 b6 30. Rg2 R1e2 31. Rfg3 Rxg2+ 32. Rxg2 fxg4 33. Bxg4 Bxg4
34. Rxg4 Qe8 35. Re4 Rxe4 36. Qxe4 Qe5+ 37. Qxe5 dxe5 38. Kg3 Kf7 39. b4 Ke7
40. c5 b5 41. Kg4 a6 42. Kf5 1-0

[Event "SR 3. liga A2 2018/2019"]
[Site "?"]
[Date "2019.02.24"]
[Round "9.1"]
[White "Bojnansky, Juraj"]
[Black "Dest, Stanislav"]
[Result "1-0"]
[WhiteElo "1583"]
[BlackElo "1518"]
[PlyCount "82"]
[EventDate "2018.??.??"]

1. d4 d5 2. c4 e6 3. Nc3 Nf6 4. Nf3 Nbd7 5. Bg5 Be7 6. cxd5 exd5 7. h4 c6 8.
Qc2 h6 9. Bd2 Bd6 10. e4 dxe4 11. Nxe4 Nxe4 12. Qxe4+ Qe7 13. Qxe7+ Bxe7 14.
Bc4 O-O 15. O-O-O Nb6 16. Bb3 Bg4 17. Rde1 Bd6 18. Ne5 Bxe5 19. Rxe5 Rad8 20.
f3 Bc8 21. Bc3 Nd5 22. Rhe1 Be6 23. g4 Nf4 24. Kc2 Bxb3+ 25. axb3 Ne6 26. R1e4
Rd7 27. g5 hxg5 28. hxg5 g6 29. Rh4 Rfd8 30. d5 Ng7 31. dxc6 bxc6 32. Rhe4 Rd5
33. Re7 Rxg5 34. Rxa7 Nf5 35. Rc7 c5 36. Bf6 Rg2+ 37. Kc3 Rf8 38. Rxc5 Rf2 39.
Rxf5 Rc8+ 40. Kd3 Rd8+ 41. Ke3 Rh2 1-0

[Event "SR 3. liga A2 2018/2019"]
[Site "?"]
[Date "2019.02.24"]
[Round "9.2"]
[White "Jozefek, Michal"]
[Black "Puskar, David"]
[Result "1/2-1/2"]
[WhiteElo "2201"]
[BlackElo "1821"]
[PlyCount "115"]
[EventDate "2018.??.??"]

1. d4 Nf6 2. c4 d5 3. Nf3 Bf5 4. Nc3 c6 5. e3 Nbd7 6. Nh4 Bg6 7. Qb3 Qb6 8. c5
Qc7 9. Qa4 e5 10. b4 Be7 11. Bd2 O-O 12. Nxg6 fxg6 13. Be2 Rae8 14. O-O a6 15.
Qb3 Kh8 16. a4 b5 17. cxb6 Qxb6 18. dxe5 Nxe5 19. b5 axb5 20. axb5 cxb5 21.
Qxb5 Qxb5 22. Nxb5 Rc8 23. Bc3 Nc6 24. Rfd1 Ne4 25. Be1 Bf6 26. Ra4 Ne7 27. Ra3
h6 28. f3 Ng5 29. Bb4 Rc2 30. Bf1 Rd8 31. Bc3 Bxc3 32. Rxc3 Rxc3 33. Nxc3 Ne6
34. Nb5 Nf5 35. Kf2 d4 36. e4 Ne3 37. Rd2 Nxf1 38. Kxf1 Kg8 39. g3 Kf7 40. Ke2
Kf6 41. Kd3 g5 42. Rc2 Rb8 43. Nc7 Nxc7 44. Rxc7 Rb3+ 45. Kxd4 Rxf3 46. e5+ Kg6
47. Rc2 Rf1 48. Kd5 Kf7 49. e6+ Ke7 50. Rc7+ Kf8 51. Rc8+ Ke7 52. Rc7+ Kf8 53.
Ra7 Rf2 54. Ra8+ Ke7 55. Ra7+ Kf8 56. Ra8+ Ke7 57. Ra7+ Kf8 58. Ra8+ 1/2-1/2

[Event "SR 3. liga A2 2018/2019"]
[Site "?"]
[Date "2019.02.24"]
[Round "9.2"]
[White "Holicky, Miroslav"]
[Black "Hrubsa, Marian"]
[Result "1-0"]
[WhiteElo "1766"]
[BlackElo "1898"]
[PlyCount "79"]
[EventDate "2018.??.??"]

1. d4 f5 2. c4 Nf6 3. Nc3 g6 4. Nf3 Bg7 5. Qc2 d6 6. Bg5 O-O 7. O-O-O Nc6 8. d5
Nb4 9. Qb3 a5 10. Bxf6 exf6 11. Nd4 Na6 12. e3 Nc5 13. Qc2 Bd7 14. Bd3 a4 15.
h4 Re8 16. h5 Nxd3+ 17. Qxd3 Qc8 18. hxg6 hxg6 19. g4 Kf7 20. gxf5 Bxf5 21. e4
Bd7 22. Rdg1 f5 23. Qg3 Rg8 24. Qxg6+ Kf8 25. Rh7 Qe8 26. Rxg7 Qxg6 27. R7xg6
Rxg6 28. Rxg6 Kf7 29. Rh6 Kg7 30. Rh4 Rf8 31. Rf4 Kg6 32. exf5+ Kg5 33. Nce2
Rh8 34. Kd2 Rh1 35. f6 a3 36. bxa3 Ra1 37. f7 Rxa2+ 38. Nc2 Ba4 39. Ned4 Bxc2
40. Nxc2 1-0

[Event "SR 3. liga A2 2018/2019"]
[Site "?"]
[Date "2019.02.24"]
[Round "9.2"]
[White "Harastova, Viera"]
[Black "Babirat, Michal"]
[Result "1/2-1/2"]
[WhiteElo "1822"]
[BlackElo "1882"]
[PlyCount "101"]
[EventDate "2018.??.??"]

1. d4 Nf6 2. c4 e6 3. Nc3 Bb4 4. a3 Bxc3+ 5. bxc3 b6 6. Bg5 h6 7. Bh4 O-O 8. e3
Bb7 9. Nf3 d6 10. Be2 Nbd7 11. O-O c5 12. Nd2 Qc7 13. Bg3 e5 14. d5 Nh7 15. e4
Rae8 16. f4 exf4 17. Bxf4 Nhf6 18. Qc2 Ne5 19. Bxh6 Nh7 20. Bf4 Ng6 21. Bd3
Nxf4 22. Rxf4 g5 23. Rf3 f6 24. Raf1 Bc8 25. Rg3 Re7 26. h4 Rg7 27. hxg5 Rxg5
28. Rxg5+ Nxg5 29. Nf3 Qg7 30. Nxg5 Qxg5 31. Qc1 Qxc1 32. Rxc1 Kf7 33. Rb1 Rg8
34. Kf2 Ba6 35. a4 Rb8 36. Rh1 Rg8 37. Rh7+ Rg7 38. Rh1 Rg8 39. g3 Rg7 40. Be2
Kg8 41. Rh6 Kf7 42. Bh5+ Ke7 43. Rh8 Bxc4 44. Re8+ Kd7 45. Ra8 Rg5 46. Rxa7+
Kc8 47. Bf3 f5 48. a5 bxa5 49. Rxa5 fxe4 50. Bxe4 Bxd5 51. Bxd5 1/2-1/2

[Event "SR 3. liga A2 2018/2019"]
[Site "?"]
[Date "2019.02.24"]
[Round "9.2"]
[White "Ganzova, Veronika"]
[Black "Vach, Jozef"]
[Result "0-1"]
[WhiteElo "1605"]
[BlackElo "1688"]
[PlyCount "117"]
[EventDate "2018.??.??"]

1. e4 e5 2. Nf3 Nc6 3. Bc4 d6 4. d4 Be7 5. dxe5 dxe5 6. Qe2 Nf6 7. c3 a6 8. a4
O-O 9. O-O Bg4 10. Nbd2 Bd6 11. Rd1 Qe7 12. Nf1 h6 13. Ne3 Be6 14. Nd5 Bxd5 15.
exd5 Nb8 16. Nh4 Nbd7 17. Nf5 Qd8 18. Qf3 Kh7 19. Qh3 h5 20. g4 g6 21. Nh6 Kg7
22. gxh5 Nxh5 23. Nf5+ Kh7 24. Bd3 Kg8 25. Kh1 Nf4 26. Qh6 Qf6 27. Bxf4 exf4
28. Rg1 Ne5 29. Bc2 Rfd8 30. Nh4 Bf8 31. Qg5 Qxg5 32. Rxg5 Be7 33. Rxe5 Bxh4
34. Kg2 Bf6 35. Re4 Rxd5 36. Rxf4 Kg7 37. Rb4 Rd2 38. Be4 Re8 39. Bf3 b6 40. a5
b5 41. Rd1 Red8 42. Rxd2 Rxd2 43. Bb7 c5 44. Rb3 c4 45. Ra3 Rxb2 46. Bxa6 Bh4
47. Bb7 Bxf2 48. Kh3 f5 49. a6 g5 50. Ra1 g4+ 51. Kg2 Ba7+ 52. Kh1 Kf6 53. Rf1
Kg5 54. Bc8 f4 55. Re1 g3 56. hxg3 fxg3 57. Re5+ Kf4 58. Rf5+ Ke4 59. Rg5 0-1

[Event "SR 3. liga A2 2018/2019"]
[Site "?"]
[Date "2019.02.24"]
[Round "9.2"]
[White "Vepy, Ivan"]
[Black "Benkovsky, Peter"]
[Result "1-0"]
[WhiteElo "1838"]
[BlackElo "1677"]
[PlyCount "69"]
[EventDate "2018.??.??"]

1. e4 e6 2. d4 d5 3. exd5 exd5 4. Nf3 Nf6 5. Be2 Be7 6. O-O O-O 7. Bg5 Ne4 8.
Bxe7 Qxe7 9. Re1 Nf6 10. Bd3 Qd6 11. Nbd2 Bg4 12. Nf1 Nc6 13. c3 Ne7 14. Ng3 g6
15. h3 Bxf3 16. Qxf3 Rae8 17. Re2 c6 18. Rae1 Kg7 19. h4 h5 20. Re5 Neg8 21.
Qf4 Nh6 22. Qg5 Rd8 23. Re6 Ne4 24. Rxd6 Nxg5 25. Rxd8 Rxd8 26. hxg5 Ng8 27. f4
f5 28. gxf6+ Kxf6 29. f5 h4 30. Re6+ Kf7 31. Ne2 gxf5 32. Bxf5 Ne7 33. Re5 Kf6
34. Bd3 Rg8 35. Nf4 1-0

[Event "SR 3. liga A2 2018/2019"]
[Site "?"]
[Date "2019.02.24"]
[Round "9.2"]
[White "Lackovic, Marek"]
[Black "Harasta, Marian"]
[Result "1/2-1/2"]
[WhiteElo "1613"]
[BlackElo "1644"]
[PlyCount "67"]
[EventDate "2018.??.??"]

1. e4 c5 2. Nf3 Nc6 3. d4 cxd4 4. Nxd4 e5 5. Nb5 a6 6. Nd6+ Bxd6 7. Qxd6 Qe7 8.
Qxe7+ Ngxe7 9. c3 O-O 10. Be3 d5 11. exd5 Nxd5 12. Bc5 Rd8 13. Nd2 b6 14. Ba3
Bg4 15. f3 Bf5 16. Ne4 Ne3 17. Rc1 Rd7 18. Kf2 Nd1+ 19. Ke1 Rad8 20. Be2 Ne3
21. Kf2 Nd5 22. Rhd1 Bxe4 23. fxe4 Nf6 24. Ke3 b5 25. Rxd7 Rxd7 26. Rd1 Rxd1
27. Bxd1 Na5 28. b3 Nc6 29. Be2 g5 30. h3 h5 31. Bb2 h4 32. a3 Nd7 33. c4 b4
34. axb4 1/2-1/2

[Event "SR 3. liga A2 2018/2019"]
[Site "?"]
[Date "2019.02.24"]
[Round "9.2"]
[White "Bartos, Bohumil"]
[Black "Nemcovic, Peter"]
[Result "0-1"]
[WhiteElo "1559"]
[BlackElo "1623"]
[PlyCount "88"]
[EventDate "2018.??.??"]

1. d4 Nf6 2. Bf4 c5 3. e3 cxd4 4. exd4 d5 5. Nd2 Qb6 6. Nb3 Nc6 7. c3 g6 8. h3
Bg7 9. Bd3 O-O 10. Nf3 Re8 11. Bh2 e5 12. dxe5 Nd7 13. O-O Ndxe5 14. Nxe5 Nxe5
15. Re1 Bd7 16. Bxe5 Bxe5 17. Be2 Rad8 18. Bg4 Bc6 19. Qc2 Bb8 20. Rxe8+ Rxe8
21. Nd4 Qc7 22. g3 h5 23. Nxc6 bxc6 24. Bf3 h4 25. g4 Qh2+ 26. Kf1 Qxh3+ 27.
Bg2 Qxg4 28. Qd3 Re5 29. Qh3 Qxh3 30. Bxh3 f5 31. Re1 Kg7 32. Rxe5 Bxe5 33. Ke2
Kf6 34. Kf3 g5 35. Ke2 g4 36. Bf1 Kg5 37. f3 Kf4 38. fxg4 fxg4 39. Kf2 g3+ 40.
Kg2 Ke3 41. Ba6 c5 42. Bb7 d4 43. cxd4 cxd4 44. Bf3 h3+ 0-1